[Event "Dos Hermanas-A"]
[Site "Dos Hermanas"]
[Date "2003.03.31"]
[Round "4"]
[White "Epishin, Vladimir"]
[Black "Campora, Daniel Hugo"]
[Result "1-0"]
[WhiteElo "2626"]
[BlackElo "2505"]
[Annotator "Dautov,R"]
[PlyCount "91"]
[EventDate "2003.03.28"]
[EventType "tourn"]
[EventRounds "9"]
[EventCountry "ESP"]
[EventCategory "16"]
[SourceTitle "CBM 095"]
[Source "ChessBase"]
[SourceDate "2003.07.25"]
[SourceVersion "1"]
[SourceVersionDate "2003.07.25"]
[SourceQuality "1"]

1. d4 {Ftacnik} Nf6 2. c4 e6 3. Nf3 d5 4. Nc3 Be7 5. Qc2 dxc4 6. e4 Nc6 7. Be3
$5 {Ftacnik: 'This is Epishin's own idea that replaces seemingly compulsory
solution with the advance 7.e5. '  Epishin scheint von den Qualitäten dieses
seltenen Zuges überzeugt zu sein, denn er spielt ihn bereits zum zweiten Mal.}
({Die übliche Fortsetzung ist} 7. e5 Nb4 8. Qb1 {, z.B.,} Nfd5 9. Bxc4 Nb6 10.
Be2 Bd7 11. O-O Bc6 12. Rd1 a6 13. a3 N4d5 14. Bd2 Nxc3 15. bxc3 Qd5 16. Ne1
O-O 17. Bd3 Kh8 18. f3 Qd7 19. Nc2 Bb5 $11 {Radjabov,T-Kasimdzhanov,R/Sarajevo
2003}) 7... Nb4 {Schwarz will keine scharfe Eröffnungsdiskussion führen und
findet sich mit einer leicht schlechteren Stellung ab.} (7... Ng4 8. Bxc4 Nb4
9. Qe2 c5 10. a3 Nxe3 11. fxe3 Nc6 12. d5 Na5 13. Bb5+ Kf8 14. O-O a6 15. Ba4
b5 16. Bc2 g6 17. Rad1 $40 {Epishin,V-Lalic,B/Port Erin 2002}) 8. Qd1 Nd3+ 9.
Bxd3 cxd3 10. Ne5 (10. Qxd3 $5 O-O 11. O-O c5 12. Rfd1 $14) 10... O-O 11. f3 {
Ftacnik: 'Excellent move, with the help of which white is limiting the scope
of black's active counterplay.'} (11. O-O $5 $14) 11... Bd7 $2 {Passiv
gespielt. Der Läufer sollte besser auf b7 (a6) entwickelt werden, auf e8 wird
er keine strahlende Zukunft haben.} (11... Nd7 12. Nxd3 b6 13. O-O Bb7 $132 (
13... Ba6 $132)) 12. Rc1 Be8 13. Nxd3 c6 14. O-O $14 Nd7 15. Kh1 Qa5 16. Qb3
Qb6 17. Qc2 Qa6 18. Rfd1 {Weiß hat den gegnerischen Befreiungshebel c6-c5
unter Kontrolle und steht dank seiner Überlegenheit im Zentrum angenehmer.} f5
$2 {[%mdl 16384] '?!' Ftacnik. Ftacnik: 'Campora was quite naturally not
satisfied with the passive location of his own pieces, but the fatal weakening
of the e5,e6 squares is not really solving his problems.'  Ein positioneller
Fehler. Im schwarzen Lager entstehen nun zwei bedeutende Schwächen, das Feld
e5 und - noch schlimmer- der Bauer e6. Die Aktivierung des Be8 und des Rf8
macht diese Schwächung nicht wett. Richtig war das bescheidene 18...f6 nebst
Bf7.} (18... f6 $1 19. Nf4 Bf7 20. d5 cxd5 21. exd5 e5 $132) (18... Rd8 {
Ftacnik} 19. d5 exd5 20. exd5 Nf6 21. Nc5 Qb6 22. d6 Bxd6 23. Ne6 Qxe3 24. Nxd8
Qf4 25. g3 Qxf3+ 26. Qg2 Qxg2+ 27. Kxg2 Bd7 28. Nxb7 $14) 19. a4 $1 {[%mdl 32]
Ein vielseitiger Zug. Epishin will nach fxe4 mit dem Springer zurückschlagen
und die e-Linie öffnen (die Schwäche e6!). Deswegen bringt er den Bauern a2 in
Sicherheit und bereitet gleichzeitig den Vormarsch seines b-Bauern (b2-b4-b5)
vor.} (19. Nf4 Bg5 20. Re1 Bxf4 21. Bxf4 $14 {/\Bd6}) 19... Qb6 20. Re1 {/\d5}
fxe4 {'?' Ftacnik.} (20... Bf7 {Ftacnik} 21. exf5 exf5 22. d5 Qa6 23. Nf4 $14)
21. Nxe4 $1 Qc7 22. Bf2 $1 $16 {Der weiße Läufer findet einen ausgezeichneten
Platz auf g3, während die weißen Springer den Vorposten c5 in Angriff nehmen.}
Rf5 23. Bg3 Qb6 24. Nec5 Nxc5 25. dxc5 Qd8 26. Qb3 Qc8 27. Ne5 $1 {Ftacnik:
'The profound move of a true master, Epishin plays for the maximum activity of
his own pieces. Positional advantage can still be enhanced, while in case of
the e6 pawn liquidation black would get a chance to fight. '  Nichts sprach
gegen den Bauerngewinn, aber Epishins Zug ist für den Nachziehenden noch
unangenehmer, da er jede Aktivierung der schwarzen Figuren in Keime erstickt.}
Kh8 (27... Bf6 28. Nc4 $16 (28. Rcd1 $16)) 28. h3 h6 29. a5 Rg5 30. Bh2 Rf5 31.
Qc4 Bd8 32. b4 Bc7 33. Qc3 Qb8 $6 (33... Bxe5 34. Bxe5 Qd7 35. Rcd1 Qf7 36. Rd6
$16) 34. Rcd1 b6 $2 {'?!' Ftacnik. Ftacnik: 'Nobody was envious about the
black's destiny, but this move only speeds up the innevitable end. '} 35. cxb6
axb6 36. Nd7 $18 Qc8 37. Nxb6 Bxb6 38. axb6 c5 39. Be5 Qb7 40. bxc5 Bc6 41. Rd6
Bxf3 42. c6 Qf7 43. Rd2 Rxe5 44. Qxe5 Bxc6 45. Qc7 Qe8 46. Rc1 1-0

[Event "Moscow Aeroflot op-A"]
[Site "Moscow"]
[Date "2003.02.17"]
[Round "7"]
[White "Zvjaginsev, Vadim"]
[Black "Aleksandrov, Aleksej"]
[Result "0-1"]
[WhiteElo "2671"]
[BlackElo "2633"]
[Annotator "Dautov,R"]
[PlyCount "40"]
[EventDate "2003.02.10"]
[EventType "swiss"]
[EventRounds "9"]
[EventCountry "RUS"]
[SourceTitle "CBM 094"]
[Source "ChessBase"]
[SourceDate "2003.05.26"]
[SourceVersion "1"]
[SourceVersionDate "2003.05.26"]
[SourceQuality "1"]

1. d4 Nf6 2. c4 e6 3. Nf3 d5 4. e3 Nbd7 5. Nc3 a6 6. Be2 $6 {Eine
anspruchslose Behandlung der ohnehin recht harmlosen Variante. Kein Wunder,
daß Schwarz die Stellung mühelos ausgleicht.} ({Logischer erscheint} 6. b3)
6... dxc4 7. a4 ({Nach} 7. Bxc4 $6 b5 8. Bd3 c5 {spielt Schwarz die
Meraner-Variante mit einem Mehrtempo.}) 7... b6 8. e4 (8. Bxc4 Bb7 9. O-O Bd6
$11) 8... Bb7 9. e5 Nd5 10. Bxc4 Be7 11. h4 $2 {In der Hoffnung auf einen
Königsangriff vernachlässigt Zvjaginsev vollends das Zentrum.} ({Den
Anforderungen der Stellung mehr entsprach} 11. Nxd5 exd5 (11... Bxd5 12. Bxd5
exd5 13. O-O O-O 14. Qb3 c6 15. Be3 $11) 12. Bd3 c5 13. O-O O-O $11) 11... c5
12. Ng5 $2 {vollzieht konsequent das Harakiri.} Nxc3 13. bxc3 cxd4 14. cxd4 (
14. Qxd4 Qc7 15. Bf4 Bc5 16. Qd2 Nxe5 $19) 14... Qc7 $19 15. Qd3 {Die Strafe
für das falsche Spiel kommt auf schnellen Füßen, plötzlich gibt es keine
Rettung für Weiß.} (15. Be2 Qc3+ 16. Bd2 Qxd4 $19) (15. Qe2 Rc8 $19) (15. Bxe6
fxe6 16. Nxe6 Qc6 17. Nxg7+ Kf8 18. Nf5 Bb4+ 19. Bd2 Qe4+ 20. Ne3 Qxd4 $19)
15... Nxe5 $1 16. dxe5 Qxe5+ 17. Qe3 Qxa1 18. Nxf7 O-O 19. Bxe6 Bc5 20. Ne5+
Kh8 0-1

[Event "Subotica TS03 GM"]
[Site "Subotica"]
[Date "2003.03.26"]
[Round "5"]
[White "Markus, Robert"]
[Black "Benkovic, Petar"]
[Result "1-0"]
[WhiteElo "2481"]
[BlackElo "2469"]
[Annotator "Dautov,R"]
[PlyCount "123"]
[EventDate "2003.03.23"]
[EventType "tourn"]
[EventRounds "11"]
[EventCountry "YUG"]
[EventCategory "9"]
[SourceTitle "CBM 095"]
[Source "ChessBase"]
[SourceDate "2003.07.25"]
[SourceVersion "1"]
[SourceVersionDate "2003.07.25"]
[SourceQuality "1"]

1. d4 Nf6 2. c4 e6 3. Nf3 d5 4. Nc3 Be7 5. Qc2 c5 6. dxc5 d4 7. Nb5 e5 8. Nxe5
a6 9. Na3 O-O $1 {Auf den Spuren der Partie Khalifman-Topalov/Dubai 2002
bringt Schwarz ein vielversprechendes Bauernopfer.} (9... Bxc5 10. Nd3 Bxa3 11.
bxa3 O-O 12. g3 Re8 13. Bg2 Bg4 14. O-O Bxe2 15. Re1 Bxd3 16. Rxe8+ Qxe8 17.
Qxd3 Qe1+ $2 18. Qf1 Qc3 19. Rb1 $16 {Dreev,A-Vaganian,R/Budapest 1996}) 10. g3
(10. Nd3 $5 Bf5 $44 {/\Nbd7}) 10... Qa5+ 11. Bd2 Qxc5 12. Nd3 ({Sicherer war} 
12. Nf3 Bf5 13. Qb3 Nc6 14. Bg2 Ne4 15. O-O Rac8 $44 {, wonach Schwarz "nur"
über eine ausreichende Kompensation verfügt.}) 12... Qc6 13. Rg1 Bf5 $44 {
Der weiße Monarch wird nun im Zentrum bleiben müssen, denn die lange Rochade
wäre für ihn äußerst riskant.} 14. Bg2 Qc8 15. Qb3 $146 {Diese Neuerung ist
zwar besser als Khalifmans 15.c5, vermag aber die Stellungseinschätzung nicht
zu verändern - Schwarz hat ausreichende Kompensation für den Bauern.} (15. c5
$2 Nbd7 16. c6 Bxa3 17. bxa3 Ne5 18. Nxe5 Bxc2 19. cxb7 Qe6 20. bxa8=Q Rxa8 21.
Bxa8 Qxe5 22. Bf4 $2 Qa5+ $17 {Khalifman,A-Topalov,V/Dubai 2002}) 15... Nc6 16.
c5 (16. O-O-O $2 b5 $1 $40) 16... Re8 17. Rc1 Bf8 18. Kf1 (18. Nc4 $2 Bxd3 19.
Qxd3 Bxc5 $15) 18... Ne4 19. Be1 Qd7 20. Bf3 Bh3+ 21. Bg2 Bf5 22. Bf3 {Weiß
ist kleinlaut mit der Zugwiederholung zufrieden, aber Schwarz will mehr. In
der Tat, seine Angriffschancen sind recht gut, selbst wenn die weiße Stellung
sehr fest erscheint.} Ng5 23. Bg2 Qe7 ({In Frage kam} 23... Ne6 $5 {mit der
Zurückeroberung des Bauern nach Bxd3.}) 24. Qd1 Rad8 25. Nc4 Qf6 (25... Bxd3 $2
26. exd3 Qxc5 27. h4 Ne6 28. Na5 $16) 26. b4 Nh3 ({Interessant war die Idee} 
26... Ne4 $5 27. Qb3 g6 $44 {nebst Bg7 und Ne4-c3.}) 27. Rh1 Re6 28. Rc2 Rde8
29. a3 g5 (29... Bg4 $5 30. Bf3 Bxf3 31. exf3 Qf5 32. Kg2 Rf6 $44) 30. Rd2 (30.
Bd5 Be4 $1 31. Bxe6 Rxe6 32. f3 g4 33. Nd2 gxf3 34. Nxf3 Ng5 35. Kg2 Qf5 $40)
30... Qg6 31. Ncb2 Bg4 32. Bf3 (32. f3 $5) 32... Qh5 33. Bxg4 Qxg4 34. f3 Qh5
35. g4 $2 (35. Kg2 $5) 35... Qh6 36. Kg2 Ne5 $2 {Bisher hat Schwarz mehr oder
weniger gut gespielt, aber nun übersieht er eine wichtige Feinheit. Der
Springer sollte via e7 nach g6 überführt werden!} (36... Ne7 $1 {/\Nd5-e3 (c3)}
37. Qb3 (37. Bg3 Nd5 38. Nc4 Nc3 $17) 37... Ng6 38. Bg3 Rxe2+ 39. Rxe2 Rxe2+
40. Kf1 Re3 $15) 37. Bg3 Ng6 38. Rf1 $16 {Das Blatt wendet sich - Weiß bringt
seinen Turm ohne Materialverluste ins Spiel, und sein Mehrbauer macht sich
schnell bemerkbar.} Nh4+ 39. Bxh4 Qxh4 40. Qe1 Qh6 41. Nd1 b6 42. N1f2 Nxf2 43.
Qxf2 Qf6 44. cxb6 Rxb6 45. Rc1 Bd6 46. Rc4 Re3 47. a4 $18 Bb8 48. Kf1 Kg7 49.
Nc5 Rc3 50. Nd7 Qf4 51. Qxd4+ Qxd4 52. Rdxd4 Rxc4 53. Rxc4 Rb7 54. Nxb8 Rxb8
55. Ke1 Rd8 56. b5 axb5 57. axb5 Rb8 58. Rb4 Rb6 59. Kd2 Kf6 60. Kc3 Ke5 61.
Kc4 Kd6 62. Ra4 1-0

[Event "Dos Hermanas-A"]
[Site "Dos Hermanas"]
[Date "2003.04.02"]
[Round "6"]
[White "Illescas Cordoba, Miguel"]
[Black "Vallejo Pons, Francisco"]
[Result "1/2-1/2"]
[WhiteElo "2595"]
[BlackElo "2629"]
[Annotator "Dautov,R"]
[PlyCount "112"]
[EventDate "2003.03.28"]
[EventType "tourn"]
[EventRounds "9"]
[EventCountry "ESP"]
[EventCategory "16"]
[SourceTitle "CBM 095"]
[Source "ChessBase"]
[SourceDate "2003.07.25"]
[SourceVersion "1"]
[SourceVersionDate "2003.07.25"]
[SourceQuality "1"]

1. d4 d5 2. c4 e6 3. Nc3 Be7 4. Nf3 Nf6 5. Bf4 O-O 6. e3 Nbd7 7. Qc2 c5 8. dxc5
Nxc5 9. Be2 dxc4 10. Bxc4 a6 11. a4 Bd7 {Schwarz hat eine aussichtsreiche
Stellung. Neben dem Textzug verfügt er über weitere gute Möglichkeiten.} (11...
Nd5 12. Bxd5 exd5 13. O-O Be6 14. b4 (14. Be5 $5) 14... Nd7 15. Rab1 Rc8 16.
Qd3 $2 d4 17. Nxd4 Bc4 $17 {Vescovi,G-Dorfman,J/Elista 1998}) (11... b6 12. b4
Ncd7 13. b5 axb5 14. Nxb5 $6 Bb4+ 15. Ke2 Bb7 16. Rhd1 Qe7 17. Qb3 Nd5 18. Bg5
f6 19. Bh4 Nc5 20. Qc2 Rfc8 $17 {Tregubov,P-Serafimov,T/Cergy Pontoise 2003})
12. O-O Qa5 {Der beste Platz für die schwarze Dame. Wegen der chronischen
Schwäche des Bauern a4 sollte Weiß umsichtig spielen.} (12... Rc8 13. a5 Qe8
14. Nd2 Bc6 15. b4 Ncd7 16. Qb3 Nh5 17. Bg3 Nxg3 18. hxg3 Bf6 $11 {Van Wely,
L-Sokolov,I/Elista 1998}) 13. Ne5 $146 (13. Rfd1 Rfd8 14. Bf1 Be8 15. Rxd8 Rxd8
16. Ne5 Qb4 17. Nc4 Nd5 $15 {Miralles,G-Spassky,B/FRA 1991}) (13. e4 Bc6 14.
Rfe1 Rfd8 15. Bd2 Qc7 16. Rac1 Qd7 17. a5 Rac8 18. Bf4 Qe8 19. b3 Bb5 20. Red1
Bxc4 21. bxc4 Rxd1+ 22. Rxd1 Rd8 $15 {Romanova,I-Krivonosov,O/Birstonas 2002})
13... Rac8 14. Qe2 Rfd8 15. Rfb1 Nce4 $1 16. Nxe4 Nxe4 17. Bd3 Qb4 $15 {
Schwarz übernimmt die Initiative.} 18. Qf3 Nf6 19. b3 (19. Nxd7 Rxd7 $15) 19...
Be8 20. Bc4 Nd5 21. Nd3 Qa5 22. Be5 f6 23. b4 $2 (23. Bd4 Bf7 $15) 23... Qb6 $6
{Laut FRITZ konnte Schwarz den Bauern nehmen, aus menschlicher Sicht ist die
Vallejos Entscheidung verständlich.} (23... Bxb4 $1 24. Rxb4 (24. Bxf6 Rxc4 25.
Bxd8 Qxd8 26. e4 Bc3 27. exd5 Bxa1 28. Rxa1 Qxd5 $17) (24. Bxd5 Qxd5 $17) (24.
Qg4 h5 25. Qxe6+ Bf7 26. Bxd5 Bxe6 27. Bxe6+ Kh8 28. Bxc8 fxe5 $17) 24... fxe5
$1 25. e4 Bg6 26. exd5 exd5 27. Nxe5 dxc4 $17) 24. Bd4 Qc6 25. Bc5 Bf7 26. Bxd5
(26. e4 Bxc5 27. bxc5 Nc3 28. Rb6 Qxe4 29. Qxe4 Nxe4 30. Rxb7 a5 $11) (26. a5
$5 $11) 26... Qxd5 27. Qxd5 Rxd5 28. Bxe7 Rxd3 $15 {Trotz der ungleichfarbigen
Läufer steht Schwarz im Endspiel besser, da seine Türme deutlich aktiver sind.}
29. Rc1 Rxc1+ 30. Rxc1 Be8 31. a5 Kf7 32. Bc5 e5 33. h4 Bc6 34. f3 f5 35. Rc2
Kg6 36. Kf2 h6 37. Kg3 Kh5 38. Bb6 g5 39. hxg5 hxg5 40. Rc5 $6 (40. Kf2 $11)
40... f4+ 41. exf4 exf4+ 42. Kh2 Rd2 43. Kh3 (43. Kg1 Kh4 44. Rf5 Bd7 45. Rc5
g4 46. fxg4 Bc6 $15) 43... Bb5 44. Rc1 Be2 45. Bc5 Kg6 (45... g4+ 46. fxg4+
Bxg4+ 47. Kh2 Bf3 48. Rf1 $1 (48. Rg1 $2 Kg4 $16) 48... Rxg2+ 49. Kh3 Rg3+ 50.
Kh2 Kg4 51. Rg1 $11) 46. Bb6 Bd3 47. Bc5 Bb5 48. Re1 Bd7+ 49. Kh2 g4 50. fxg4
f3 51. Rf1 $1 Rxg2+ (51... fxg2 52. Rf2 $11) 52. Kh3 Bc6 (52... Rxg4 53. Rxf3
Rxb4+ 54. Kg3 $11) (52... Bxg4+ 53. Kh4 $11 {/\Rg1}) 53. Rf2 Rg1 54. Rd2 Re1
55. Kg3 Kg5 56. Rh2 Kg6 1/2-1/2

[Event "Poikovsky Karpov 04th"]
[Site "Poikovsky"]
[Date "2003.04.23"]
[Round "4"]
[White "Zvjaginsev, Vadim"]
[Black "Lputian, Smbat G"]
[Result "1-0"]
[WhiteElo "2664"]
[BlackElo "2638"]
[Annotator "Dautov,R"]
[PlyCount "70"]
[EventDate "2003.04.20"]
[EventType "tourn"]
[EventRounds "9"]
[EventCountry "RUS"]
[EventCategory "16"]
[SourceTitle "CBM 095"]
[Source "ChessBase"]
[SourceDate "2003.07.25"]
[SourceVersion "1"]
[SourceVersionDate "2003.07.25"]
[SourceQuality "1"]

1. d4 {Ftacnik} e6 2. c4 d5 3. Nc3 Be7 4. Nf3 Nf6 5. Bf4 O-O 6. e3 Nbd7 7. a3 {
Beim Turnier im sibirischen Poikovsky wählte Vadim Zvjaginsev diesen Zug
zweimal. Weiß will gegen den gegnerischen Isolani spielen und gibt sich mit
einem minimalen Vorteil zufrieden.} c5 8. cxd5 Nxd5 9. Nxd5 exd5 10. dxc5 Nxc5
11. Be5 Bf6 (11... Bg4 12. Be2 Bf6 13. Bxf6 Qxf6 14. Qd4 Ne4 15. Qxf6 Nxf6 16.
Nd4 Bxe2 17. Kxe2 Rfc8 18. Rac1 a6 19. f3 Kf8 20. g4 g6 21. Rhd1 $14 {Leitao,
R-Bruzon,L/Havana 2003}) 12. Bxf6 Qxf6 13. Qd4 (13. Rc1 Ne6 $11 {/\Rd8,d4})
13... Qxd4 (13... Qd6 $5 14. Rd1 Rd8 15. Bc4 Bf5 16. O-O Bc2 17. Rc1 dxc4 18.
Rxc2 b5 $11 {Onischuk,A-Vaganian,R/Togliatti 2003}) 14. Nxd4 Bd7 $1 ({Ungenau
ist} 14... Ne6 $6 15. Be2 (15. Rd1 $14) 15... Nxd4 16. exd4 Be6 17. Kd2 $14 {
/\Bf3, Rc1}) 15. f3 (15. Be2 Rac8 16. O-O Ne6 $11) (15. Kd2 Ne4+ $11) 15...
Rac8 $6 $146 {Ftacnik: 'White has in the whole system only minimal advantage,
but the endgame with the isolated pawn can be quite unpleasant.'} ({Logischer
und besser ist} 15... Rfc8 $1 {, was zwei Runden später Vescovi gegen Vadim
spielte. Der schwarze König bekommt einen freien Zugang zum Zentrum.} 16. Kd2
Ne6 17. Nxe6 $1 {Ein neuer Versuch.} (17. Bd3 Nxd4 $11 18. exd4 f6 19. h4 g6
20. Rac1 Kf7 21. Rc5 b6 22. Rxc8 Rxc8 23. h5 Kg7 24. f4 Bf5 {1/2-1/2 Kasparov,
G-Kramnik,V/Moscow 2001}) 17... Bxe6 18. Bd3 Kf8 19. g4 h6 20. h4 Ke7 21. g5
Rh8 22. Kc3 $14 g6 23. Kd4 Kd6 24. f4 hxg5 25. hxg5 Rxh1 26. Rxh1 Rc8 {Weiß
steht besser, aber wie kann er diese Stellung gewinnen?} 27. b4 Bd7 28. b5 b6
29. a4 Bf5 $11 {Zvjaginsev,V-Vescovi,G/Poikovsky 2003}) 16. Kd2 g6 (16... Ne6
17. Nf5 $1 $14 Kh8 {Ftacnik} 18. Bd3 Nc5 19. Nd4 Ne6 20. Nxe6 fxe6 21. Rac1 e5
22. Rxc8 Rxc8 23. f4 $14) 17. Rc1 Ne6 18. Nxe6 fxe6 $6 {Obwohl Schwarz mit dem
Textzug seine Bauern verbindet, war 18...Bxe6 vorzuziehen. Früher oder später
wird der Nachziehende nämlich zu e6-e5 greifen müssen, was Weiß nach f3-f4 die
Bauernmajorität auf dem Königsflügel gibt.} (18... Bxe6 $1 19. Bd3 $14) 19.
Rxc8 Rxc8 (19... Bxc8 {Ftacnik} 20. Bd3 e5 21. Rc1 Be6 22. e4 $14) 20. Bd3 e5 (
20... Kf7 21. h4 (21. f4 $14) 21... e5 22. h5 Bf5 23. hxg6+ Bxg6 24. f4 $14)
21. f4 $14 {'!' Ftacnik.} Bc6 {'?' Ftacnik. Ftacnik: 'Lputian has found it
hard to believe, that black could face real problems. The way in which he
solves the problems of the center is unfortunate, since white activates all
his pieces. '} (21... Kf7 22. fxe5 Ke6 (22... Bf5 23. Rf1 Ke6 24. Bxf5+ gxf5
25. Rf4 Kxe5 26. Rh4 Rc7 27. Kd3 $14) 23. Rf1 $14 {, und der weiße Turm wird
bald in das gegnerische Lager eindringen.}) (21... e4 {Ftacnik} 22. Be2 Kf7 23.
Rc1 Rxc1 24. Kxc1 h6 25. h4 Kf6 26. Kd2 g5 27. g3 $14) (21... exf4 {Ftacnik}
22. exf4 Kf7 23. Re1 Be6 24. h3 d4 25. g4 $14) (21... d4 {Ftacnik} 22. fxe5
dxe3+ 23. Kxe3 Bc6 24. Rg1 Re8 25. Kf4 Rd8 26. Bc4+ Kf8 27. Ke3 $16) 22. fxe5
Re8 (22... Kf7 {Ftacnik} 23. h4 $1 Ke6 24. h5 $16) 23. Kc3 Rxe5 24. Kd4 Rg5 $2
{Hier steht der Turm sehr schlecht. Angezeigt war 24...Re8.} (24... Re8 $1 25.
Rf1 $14 {/\b4-b5}) (24... Re7 {Ftacnik} 25. Rc1 Kf7 26. b4 $16) 25. g3 $16 Rg4+
(25... Kf7 26. Rf1+ Ke7 27. Rf4 $16) 26. Ke5 Kf7 27. Kd6 $1 Kf6 {Mit einer
Reihe ungenauer Züge hat sich Lputian in eine aüßerst unangenehme Stellung
hineinmanövriert.} (27... d4 $2 28. Rf1+ Kg7 29. Rf4 Rxf4 30. exf4 $18) 28.
Rf1+ Kg5 29. Ke5 Ra4 30. Rf4 {Ftacnik: 'This modest move effectively finishes
the fight, since all white pieces (including pawns on the dark squares) occupy
better squares than the opponent's.'} Rxf4 31. exf4+ Kg4 32. f5 $18 Be8 (32...
gxf5 33. Bxf5+ Kf3 34. Bxh7 Ke3 35. h4 d4 36. h5 d3 37. Bxd3 Kxd3 38. g4 $18)
33. f6 Bf7 (33... Kh3 34. Ke6 g5 35. Ke7 Bh5 36. g4 $1 $18) 34. Bc2 Kh5 35. Bb3
g5 1-0